Detalles MARC
| 000 -CABECERA |
| campo de control de longitud fija |
01360nab a2200289 a 4500 |
| 001 - NÚMERO DE CONTROL |
| campo de control |
a166545 |
| 003 - IDENTIFICADOR DEL NÚMERO DE CONTROL |
| campo de control |
INTEC |
| 005 - FECHA Y HORA DE LA ÚLTIMA TRANSACCIÓN |
| campo de control |
20250425124248.0 |
| 006 - CÓDIGOS DE INFORMACIÓN DE LONGITUD FIJA--CARACTERÍSTICAS DEL MATERIAL ADICIONAL |
| campo de control de longitud fija |
a|||||r|||| 00| 0 |
| 007 - CAMPO FIJO DE DESCRIPCIÓN FÍSICA--INFORMACIÓN GENERAL |
| campo de control de longitud fija |
ta |
| 008 - DATOS DE LONGITUD FIJA--INFORMACIÓN GENERAL |
| campo de control de longitud fija |
171124e2017 dr fn|p|rp|||||0| 0 spa d |
| 022 ## - NÚMERO INTERNACIONAL NORMALIZADO PARA PUBLICACIONES SERIADAS |
| Número Internacional Normalizado para Publicaciones Seriadas |
1991-5292 |
| 040 ## - FUENTE DE LA CATALOGACIÓN |
| Centro catalogador/agencia de origen |
DO-SdINT |
| Centro/agencia transcriptor |
DO-SdINT |
| Centro/agencia modificador |
DO-SdBNP |
| Normas de descripción |
rda |
| 041 ## - CÓDIGO DE LENGUA |
| Código de lengua del texto/banda sonora o título independiente |
spa |
| 044 ## - CÓDIGO DEL PAÍS DE LA ENTIDAD EDITORA/PRODUCTORA |
| Código MARC del país |
dr |
| 245 ## - MENCIÓN DE TÍTULO |
| Título |
Estudio de casos : |
| Resto del título |
juzgado de paz especiales de tránsito. |
| 264 ## - PRODUCCIÓN, PUBLICACIÓN, DISTRIBUCIÓN, FABRICACIÓN Y COPYRIGHT |
| Producción, publicación, distribución, fabricación y copyright |
Santo Domingo, República Dominicana : |
| Fecha de producción, publicación, distribución, fabricación o copyright |
ene.-jun. 2017. |
| 300 ## - DESCRIPCIÓN FÍSICA |
| Extensión |
páginas. 146-69. |
| 336 ## - TIPO DE CONTENIDO |
| Término de tipo de contenido |
texto |
| Código de tipo de contenido |
txt |
| Fuente |
rdacontent |
| 337 ## - TIPO DE MEDIO |
| Nombre/término del tipo de medio |
sin mediación |
| Código del tipo de medio |
n |
| Fuente |
rdamedia |
| 338 ## - TIPO DE SOPORTE |
| Nombre/término del tipo de soporte |
volumen |
| Código del tipo de soporte |
nc |
| Fuente |
rdacarrier |
| 362 ## - FECHAS DE PUBLICACIÓN Y/O DESIGNACIÓN SECUENCIAL |
| Fecha de publicación y/o designación secuencial |
Año 7, Número. 13, enero-junio 2017. |
| 520 ## - SUMARIO, ETC. |
| Sumario, etc. |
El artículo analiza la problemática social de la discriminación de que son objetos las mujeres en el ámbito laboral, especialmente en las áreas que han sido identificadas como "de hombres". Se hace un estudio comparativo de cara a la legislación laboral dominicana, así como de los derechos y prerrogativas que gozan las mujeres que se encuentran amparados en convenios internacionales firmados y ratificados por la República Dominicana. |
| 650 #0 - PUNTO DE ACCESO ADICIONAL DE MATERIA--TÉRMINO DE MATERIA |
| Término de materia o nombre geográfico como elemento de entrada |
Tránsito-Legislación |
| 9 (RLIN) |
78974 |
| Subdivisión de forma |
Publicaciones periódicas |
| Subdivisión geográfica |
República Dominicana |
| 773 0# - ENLACE AL DOCUMENTO FUENTE/ENTRADA DE REGISTRO ANFITRIÓN |
| Parte(s) relacionada(s) |
7 (13) ; ene.-jun. 2017, p. 146-69 |
| Título |
Justicia & razón |
| Número de control del registro |
u2030 |
| 942 ## - ELEMENTOS DE PUNTO DE ACCESO ADICIONAL (KOHA) |
| Fuente del sistema de clasificación o colocación |
Dewey Decimal Classification |
| Tipo de ítem Koha |
Publicación periódica |